Ejercicios Latinos : Primer grado

Збережено в:
Бібліографічні деталі
Автор: Valenti Fiol, Eduardo
Формат: Книга
Мова:Undetermined
Опубліковано: Barcelona, España Bosh 1971
Редагування:11
Предмети:
Теги: Додати тег
Немає тегів, Будьте першим, хто поставить тег для цього запису!

MARC

LEADER 00000nam a2200000Ia 4500
008 170316s9999 xx 000 0 und d
090 |a 415-L V-2e 
100 |a Valenti Fiol, Eduardo 
245 |a Ejercicios Latinos : Primer grado 
250 |a 11 
260 |a Barcelona, España 
260 |b Bosh 
260 |c 1971 
300 |a 208 páginas 
650 |a GRAMÁTICA LATINA 
650 |a EJERCICIOS LATINOS 
999 |c 19655  |d 19655 
040 |a cru BVZT 
942 |c 15 D  |h 415-L V-2e  |2 z